Women, democracy and the media : (Record no. 122571)

MARC details
000 -LEADER
fixed length control field 00905nam a22002777a 4500
003 - CONTROL NUMBER IDENTIFIER
control field 0
005 - DATE AND TIME OF LATEST TRANSACTION
control field 20180803120317.0
008 - FIXED-LENGTH DATA ELEMENTS--GENERAL INFORMATION
fixed length control field 0
010 ## - LIBRARY OF CONGRESS CONTROL NUMBER
LC control number A-946203
020 ## - INTERNATIONAL STANDARD BOOK NUMBER
International Standard Book Number 8170367484
Terms of availability 345.00
035 ## - SYSTEM CONTROL NUMBER
System control number A-946203, A-946204
037 ## - SOURCE OF ACQUISITION
Source of stock number/acquisition Cen Lib/Ret
040 ## - CATALOGING SOURCE
Original cataloging agency DPL
Language of cataloging EN
Transcribing agency 0
082 ## - DEWEY DECIMAL CLASSIFICATION NUMBER
Classification number 070.4493054
100 ## - MAIN ENTRY--PERSONAL NAME
Personal name Bathla, Sonia
9 (RLIN) 824
245 ## - TITLE STATEMENT
Title Women, democracy and the media :
Statement of responsibility, etc by Sonia Bthla
Remainder of title cultural and political representation in the Indian press /
260 ## - PUBLICATION, DISTRIBUTION, ETC. (IMPRINT)
Place of publication, distribution, etc New Delhi
Name of publisher, distributor, etc Sage Publications
Date of publication, distribution, etc 1998
270 ## - ADDRESS
Address M-32 Market, Greater Kailash
City New Delhi
Postal code 110048
300 ## - PHYSICAL DESCRIPTION
Extent 209p.
Dimensions 22cm(Hb)
500 ## - GENERAL NOTE
General note Includes bibliographical references and index
650 ## - SUBJECT ADDED ENTRY--TOPICAL TERM
Topical term or geographic name as entry element Political Science
9 (RLIN) 825
650 ## - SUBJECT ADDED ENTRY--TOPICAL TERM
Topical term or geographic name as entry element Democracy
9 (RLIN) 826
650 ## - SUBJECT ADDED ENTRY--TOPICAL TERM
Topical term or geographic name as entry element राजनीति विज्ञान
9 (RLIN) 442
650 ## - SUBJECT ADDED ENTRY--TOPICAL TERM
Topical term or geographic name as entry element जनतंत्र
9 (RLIN) 827
942 ## - ADDED ENTRY ELEMENTS (KOHA)
Source of classification or shelving scheme Dewey Decimal Classification
Koha item type English Books
Classification part 070.4493054
Call number suffix BAT
Holdings
Withdrawn status Lost status Damaged status Not for loan Collection code Home library Current library Date acquired Source of acquisition Cost, normal purchase price Total Checkouts Full call number Barcode Date last seen Copy number Cost, replacement price Price effective from Koha item type Source of classification or shelving scheme Total Renewals Date checked out
      Not For Loan Reference Central Library Central Library 28/05/2015 Cen Lib/Ret 345.00   070.4493054 BAT A-946203 28/05/2015 1 345.00 28/05/2015 English Books      
        Non-fiction Patel Nagar Patel Nagar 03/08/2018 BPPD/PUB 345.00 1 070.4493054 BAT A-946204 19/02/2022   345.00 03/08/2018 English Books Dewey Decimal Classification 1 08/02/2022

© Delhi Public Library
Hit Counter
free hit counter